Early Childhood Education (Record no. 224546)

MARC details
000 -LEADER
fixed length control field 00528nam a2200205Ia 4500
008 - FIXED-LENGTH DATA ELEMENTS--GENERAL INFORMATION
fixed length control field 240823s9999||||xx |||||||||||||| ||und||
020 ## - INTERNATIONAL STANDARD BOOK NUMBER
International Standard Book Number 978-81-909565-0-5
082 ## - DEWEY DECIMAL CLASSIFICATION NUMBER
-- 372.21072 Q1
100 ## - MAIN ENTRY--PERSONAL NAME
Personal name Sreelatha S
245 #0 - TITLE STATEMENT
Title Early Childhood Education
250 ## - EDITION STATEMENT
Edition statement 1st
260 ## - PUBLICATION, DISTRIBUTION, ETC. (IMPRINT)
Date of publication, distribution, etc 2011
Name of publisher, distributor, etc A V Parvathy Public
500 ## - GENERAL NOTE
General note TRANSFERED
650 ## - SUBJECT ADDED ENTRY--TOPICAL TERM
Topical term or geographic name as entry element Early Childhood
700 ## - ADDED ENTRY--PERSONAL NAME
Personal name Krishna Prasad B
942 ## - ADDED ENTRY ELEMENTS (KOHA)
Item type Books
Holdings
Withdrawn status Lost status Damaged status Permanent location Current location Shelving location Date acquired Cost, normal purchase price Full call number Barcode Date last seen Koha item type
      CENTRAL LIBRARY, NOORUL ISLAM CENTRE FOR HIGHER EDUCATION CENTRAL LIBRARY, NOORUL ISLAM CENTRE FOR HIGHER EDUCATION   01/29/2016 150.00 372.21072 Q1 73351 08/23/2024 Books
Visitors:
Copyright © 2024 Central Library NICHE.  All rights reserved.